000 00625cam a22002057a 4500
001 14109631
005 20251105134427.0
008 050915s2006 njua 001 0 eng d
020 _a0131713833
_qpbk.
020 _a9780131713833
_q(pbk.)
050 0 0 _aT385
_b.L626 2006
082 0 0 _a620/.00420285536
_222
100 1 _aLockhart, Shawna D.,
_d1957-
245 1 2 _aA tutorial guide to AutoCAD 2006 /
_cShawna Lockhart.
260 _aUpper Saddle River, N.J. :
_bPearson/Prentice Hall,
_cc2006.
300 _axxvi, 643 p. :
_bill. ;
_c26 cm.
500 _aIncludes index.
650 0 _aComputer graphics
942 _2lcc
_cBK
_n0
999 _c8070
_d8070